[Event "Padova CIS Serie B/7 45th"]
[Site "Padova"]
[Date "2013.03.24"]
[Round "3.3"]
[White "Alberton, Roberto"]
[Black "Bonivento, Alvise"]
[Result "1/2-1/2"]
[WhiteElo "2093"]
[BlackElo "1706"]
[PlyCount "50"]
[EventDate "2013.03.24"]
[EventType "team"]
[EventRounds "3"]
[EventCountry "ITA"]
[SourceTitle "EXT 2024"]
[Source "ChessBase"]
[SourceDate "2023.10.10"]
[SourceVersion "1"]
[SourceVersionDate "2023.10.10"]
[SourceQuality "1"]

1. Nf3 d5 2. d4 c5 3. c3 Nc6 4. Bf4 Nf6 5. dxc5 a5 6. Na3 Nh5 7. Qd2 f6 8. 0-0-0 e5 9. Be3 Be6 10. Nb5 f5 11. g3 Nf6 12. Ng5 Bg8 13. f3 h6 14. Nh3 Qd7 15. Na3 Rc8 16. Kb1 Na7 17. Bg2 Bxc5 18. Bxc5 Rxc5 19. Qe3 Qe7 20. b4 axb4 21. cxb4 Rc6 22. Qxa7 Qxb4+ 23. Ka1 Qc3+ 24. Kb1 Qb4+ 25. Ka1 Qc3+ 1/2-1/2